000 00193 a2200097 4500
001 2410
100 _aZarens,L
245 _aNew Era of flight
260 _a
_bEP Dulton
_c
090 _c1751
_d1751
942 _aNUST-CAE
_cM
_c8347
999 _c237483
_d237483